MDQL
is popping MORE tags! Check the
thread
!
Quizzes
Events
Quiz Creation
Community
Videos
Private Events
Remove Ads
Sign In
Join for FREE
Feedback
Dark Mode
Quiz Categories
Sports
Geography
Music
Movies
Television
Just For Fun
Miscellaneous
History
Literature
Language
Science
Gaming
Entertainment
Religion
Holiday
For Kids
Quiz Lab
Recent
Popular Today
Quiz Kudos Today
Editor Picks
Curator Picks
Quizzes by...
Day
Popularity
Type
Ratings
Length
Year
Community
Subscriptions
Recent Discussions
Orange Saloon
Badges
Playlists
Quests
Create
Leaderboards
Showdown
Live 5
Trivia Bingo
Activity
Puzzle Library
Sporcle Events
Private Events
Virtual Trivia
Globe League
Become a Host
Pub Owners
SporcleCon
Opinionation
Our Games
Videos
Blog
Mobile Apps
Partnerships
Remove Ads and Go Orange
Feedback
Sports
Athletes
MLB
NBA
NHL
NFL
Soccer
Sports Teams
WWE
NCAA
Football
Premier League
Basketball
Baseball
Hockey
Golf
Tennis
Cricket
Rugby
Auto Racing
Olympics
World Cup
Sports
Athletes
MLB
NBA
NHL
NFL
Soccer
Sports Teams
WWE
NCAA
Football
Premier League
Basketball
Baseball
Hockey
Golf
Tennis
Cricket
Rugby
Auto Racing
Olympics
World Cup
Random Quiz
Search Sporcle
×
Quiz Lab
Quiz Lab
Sports
MLB
Type in answers that appear in a list
Type in answers that appear in a list
Classic
Best Score? Go Orange.
MLB National League Gold Glove Winners at Second Base Stats
Can you name the National League Gold Glove Winners at Second Base?
By
JeterFan2
12m
65 Questions
180 Plays
180 Plays
180 Plays
Comments
Comments
Give Quiz Kudos
Give Quiz Kudos
-
- Ratings
hide this ad
Replay
Link that replays current quiz
Next Quiz
Link to next quiz in quiz playlist
You Got
0%
They Got
Avg Score
68%
Avg Friend Score
Upgrade to see
Score Distribution
Jump to the score distribution portion of the page
Score
0/65
Timer
12:00
0
Plays Today
Year
Winner
% Correct
1973
Joe Morgan
97.2%
1974
Joe Morgan
97.2%
1975
Joe Morgan
97.2%
1976
Joe Morgan
97.2%
1977
Joe Morgan
97.2%
1983
Ryne Sandberg
96.1%
1984
Ryne Sandberg
96.1%
1985
Ryne Sandberg
96.1%
1986
Ryne Sandberg
96.1%
1987
Ryne Sandberg
96.1%
1988
Ryne Sandberg
96.1%
1989
Ryne Sandberg
96.1%
1990
Ryne Sandberg
96.1%
1991
Ryne Sandberg
96.1%
1994
Craig Biggio
95.6%
1995
Craig Biggio
95.6%
1996
Craig Biggio
95.6%
1997
Craig Biggio
95.6%
2008
Brandon Phillips
90%
2010
Brandon Phillips
90%
2011
Brandon Phillips
90%
2013
Brandon Phillips
90%
2018
DJ LeMahieu
88.7%
1958
Bill Mazeroski
83.9%
1960
Bill Mazeroski
83.9%
1961
Bill Mazeroski
83.9%
1963
Bill Mazeroski
83.9%
1964
Bill Mazeroski
83.9%
1965
Bill Mazeroski
83.9%
1966
Bill Mazeroski
83.9%
1967
Bill Mazeroski
83.9%
2019
Kolten Wong
80.4%
2020
Kolten Wong
79.4%
Year
Winner
% Correct
2021
Tommy Edman
76.5%
2003
Luis Castillo
75.6%
2004
Luis Castillo
75.6%
2005
Luis Castillo
75.6%
2014
DJ LeMahieu
71.7%
2017
DJ LeMahieu
71.7%
2015
Dee Gordon
70.6%
1978
Davey Lopes
67.8%
2016
Joe Panik
66.1%
1957
Nellie Fox
58.3%
1993
Robby Thompson
57.8%
1979
Manny Trillo
56.1%
1981
Manny Trillo
56.1%
1982
Manny Trillo
56.1%
2006
Orlando Hudson
51.1%
2007
Orlando Hudson
51.1%
2009
Orlando Hudson
51.1%
1992
Jose Lind
50.6%
2012
Darwin Barney
50.6%
1999
Pokey Reese
48.9%
2000
Pokey Reese
48.9%
1968
Glenn Beckert
45%
2001
Fernando Vina
43.3%
2002
Fernando Vina
43.3%
1969
Felix Millan
40.6%
1970
Tommy Helms
40.6%
1971
Tommy Helms
40.6%
1972
Felix Millan
40.6%
1998
Bret Boone
38.9%
1962
Ken Hubbs
33.3%
1980
Doug Flynn
25.6%
1959
Charlie Neal
22.8%
Quiz Playlist
Details
Report
Send in Message
Add To Playlist
Classic:
Type in answers that appear in a list
Last Updated: Nov 21, 2017
Quiz Scoreboard
CHALLENGE
Sign Up to Join the Scoreboard
Show All
Scores
Hide
Comments
May contain spoilers
Recently Published
5x2 Blitz: Bands
by SL_Kpop136
Music
30s
Colored Red Africa Blitz
by spor1
Geography
30s
Find the 'City' Movie
by crazypaving
Movies
60s
More to Explore
Quiz From the Vault
Featured Blog Post
14 Easter Pick-up Lines to Find Eggs With
hide this ad
You Might Also Like...
Tags
MLB Quiz
base
Glove
gold
Gold Glove
League
national
National League
second
Second Base
team
Winner
Today's Top Quizzes in Sports
Browse Sports
hide this ad
Today's Top Quizzes in MLB
Browse MLB
Top Contributed Quizzes in Sports
1
Players with Multiple 50 Home Run Seasons
2
Criteria MLB: Left Handed Sluggers
3
MLB Players with Two .350 Batting Average Seasons
4
Who Hit More Homers?
5
Premier League Clubs since 2000 (minefield)
6
Who Needs Fielders?
7
2020 F1 Drivers Logic Puzzle
8
Les entraîneurs de l'OM et du PSG au 21e siècle
9
Top 10 NHL Goal Scorers of All Time
10
MLB Hall of Famer by Rings
Explore More
Trending Topics
Disney
Kpop
Anime
Harry Potter
Marvel
NBA
Crossword
Song
The Office
WWE
Pokémon
Soccer
Puzzle
NFL
Country
hide this ad
More By:
JeterFan2
Quiz
Plays
Rating
Category
Featured
Created
MLB World Series Rotations, 1990s-2010s
39,220
4.78
Sports
Jan 8, 2015
MLB Top-5 Highest Paid by Team (2016)
32,646
4.61
Sports
Jan 23, 2016
MLB 2023 Highest Paid Players (Top 50)
15,048
5.00
Sports
Jan 11, 2023
MLB: Relief Pitcher Strikeout Leaders Since 2000
14,009
4.63
Sports
Apr 12, 2018
MLB 100 RBI's 1990's
12,002
4.76
Sports
Oct 8, 2014
Go to Creator's Profile
Score Distribution
Quiz Creator Spotlight
JeterFan2
Follow
Send a Message
Quizzes Created
-
Created Quiz Play Count
-
More By This Creator
Popular Quizzes Today
1
Find the 'City' Movie
2
5x2 Blitz: Bands
3
Colored Red Africa Blitz
4
Find the US States - No Outlines Minefield
5
The Countries of the World
6
Find the US States
7
9x9 Crossword: Cartoon Network
8
US States
More Sports Quizzes
Big 4 Stable Sports Cities
Quiz Lab
Trending Quizzes
Colored Red Europe Blitz I
Colored Red Africa Blitz II
Colored Red Europe Blitz III
Colored Red Europe Blitz II
Colored Red Africa Blitz III
Recently Updated
Champions League XIs: Real Madrid
pecheneg
Largest US Cities 1790-2010
pecheneg
Rides in Walt Disney World
pecheneg
Most Oscar Losses (Acting)
pecheneg
Beyoncé Albums
pecheneg
Leaping Animals
pecheneg
Reality TV Shows (A-Z)
bhenderson79
Rickey Henderson's Hall of Fame Teammates
pecheneg
Champions League XIs: Arsenal
pecheneg
Quick Pick: Celebrities in WWE's Hall of Fame
aduchscher
Trending Topics
Harry Potter
Disney
Kpop
NBA
Marvel
Crossword
Anime
NFL
Country
Soccer
Song
WWE
The Office
Pokémon
Puzzle
Your Account Isn't Verified!
In order to create a playlist on Sporcle, you need to verify the email address you used during registration. Go to your
Sporcle Settings
to finish the process.
Report this User
Report this user for behavior that violates our
Community Guidelines
.
Details:
Send Report
Go to the Sporcle.com Mobile Site →
Comments